000 00586nam a22001697a 4500
003 SGT
020 _a9788131721216
082 _a658.3,ROB
100 _aROBBINS,STEPHEN P.
245 _aORGANIZATIONAL BEHAVIOR
250 _a13TH
260 _aNEW DELHI
_bPEARSON
_c2009
300 _a782
650 _aMANAGEMENT
653 _aWHAT IS ORGANIZATIONAL BEHAVIOR, FOUNDATIONS OF INDIVIDUAL BEHAVIOR, ATTITUDES AND JOB SATISFACTION, PERSONALITY AND VALUES PERCEPTION AND INDIVIDUAL DECISION MAKING, MOTIVATION CONCEPTS,MOTIVATION FROM CONCEPTS TO APPLICATIONS
942 _2ddc
_cFCM
_057
999 _c9046
_d9046